Odhaľuje a zvádza

Je teasing iba hračkou kreativity, alebo strategickým nástrojom v komunikácii? Čo je teasing - definície teasingu. Podľa slovníkovej definície je teasingová kampaň alebo teasingová reklama taktikou na získanie záujmu respondenta a na dosiahnutie väčšej zainteresovanosti na kampani. Konkrétne príklad...

Descrizione completa

Salvato in:
Dettagli Bibliografici
Autore principale: Janáková, Katarína
Natura: Capitolo di libro
Lingua:slovacco
Soggetti:
Tags: Aggiungi Tag
Nessun Tag, puoi essere il primo ad aggiungerne!!

MARC

LEADER 00000naa a2200000 4500
001 r042867
005 20231003075347.7
041 0 |a slo 
044 |a SK 
245 1 0 |a Odhaľuje a zvádza  |c Katarína Janáková 
520 |a Je teasing iba hračkou kreativity, alebo strategickým nástrojom v komunikácii? Čo je teasing - definície teasingu. Podľa slovníkovej definície je teasingová kampaň alebo teasingová reklama taktikou na získanie záujmu respondenta a na dosiahnutie väčšej zainteresovanosti na kampani. Konkrétne príklady teasingu na Slovensku. 
610 2 0 |a reklama 
610 2 0 |a kampane reklamné 
610 2 0 |a prostriedky reklamné 
610 2 0 |a kreativita 
100 1 |a Janáková, Katarína